| 000 | 00583nam a2200241Ia 4500 | ||
|---|---|---|---|
| 001 | 18342 | ||
| 003 | GE_BSU | ||
| 008 | 181216s||||||||xx |||||||||||||| ||und|| | ||
| 020 | _a978141503214 | ||
| 040 | _cGE_BSU | ||
| 080 | _a811.111(075.8) | ||
| 100 | _aEvans, Virginia. Dooley,Jenny | ||
| 245 | _aPrime Time 5. Student's Book | ||
| 260 | _aNewbury | ||
| 260 | _bExpress Publishing | ||
| 260 | _c2013 | ||
| 300 | _a150p.30cm. | ||
| 541 | _h42 Gel. | ||
| 653 | _aPrime Time 5 | ||
| 653 | _aStudent's Book | ||
| 653 | _aინგლისური ენა | ||
| 942 | _cBK | ||
| 999 |
_c51360 _d51360 |
||